El capital : crítica de la economía política : [el proceso de producción del capital] /

Guardat en:
Dades bibliogràfiques
Autor principal: Marx, Karl (autor)
Altres autors: Roces, Wenceslao (traducción) (traducción)
Format: Llibre
Idioma:espanyol
Publicat: México : Fondo de Cultura Económica, 2012, c1999
Edició:3a edición
Matèries:
Etiquetes: Afegir etiqueta
Sense etiquetes, Sigues el primer a etiquetar aquest registre!

MARC

LEADER 00000nam^a2200000^a^4500
001 000271063
005 20250521000000.0
009 20260526134102.914
020 |a 978-968-16-5760-4 
020 |a 978-968-16-5759-8 
037 |a Acervo Xavier Clavigero 
041 |a ESP 
082 |a 330. 159  |b MAR V. 1 
100 |a Marx, Karl  |e (autor) 
240 1 4 |a [El capital] 
240 1 4 |a [El capital: crítica de la economía política] 
245 1 3 |a El capital :  |b crítica de la economía política : [el proceso de producción del capital] /  |c C. Marx ; tr. por W. Roces. 
250 |a 3a edición 
264 4 |a México :  |b Fondo de Cultura Económica,  |c 2012, c1999 
300 |a XXXIX, 849 p. 
336 |a texto  |b txt  |2 rdacontenido 
337 |a sin mediación  |b n  |2 rdamedio 
338 |a volumen  |b nc  |2 rdasoporte 
500 |a Traducción de: Das Kapital 
649 |a XX 
650 |a Capital 
650 |a Mercancía 
650 |a Plusvalía 
650 |a División del Trabajo 
650 |a Jornada Laboral 
650 |a Sueldos y Salarios 
650 |a Dinero 
650 |a Teoría de la Acumulación 
650 |a Producción Económica 
650 |a Capitalismo -  |x Historia y Crítica 
650 |a Economía Política -  |x Tema Principal 
650 |a Marxismo 
650 |a Economía -  |x Teoría 
700 |a Roces, Wenceslao  |e (traducción) 
910 |a Fondo General 
920 |a Impresos - Libros 
930 |a Colección General 
905 |a 101 
901 |a 0500224636  |b IT1  |c ACC  |i FXC D1443  |u 20250521 
902 |a https://opac.biblio.iteso.mx/vufind/Record/000271063